MARC

LEADER 00000nlm0a2200000 4500
001 258185
005 20231101233255.0
010 |a 9785991626132 
035 |a (RuTPU)RU\TPU\book\281023 
090 |a 258185 
100 |a 20140423d2013 m y0rusy50 ca 
101 0 |a rus 
102 |a RU 
105 |a y j 001zy 
135 |a vocna---uucaa 
181 0 |a i  
182 0 |a b 
200 1 |a Логистика  |b Электронный ресурс  |e учебник для бакалавров  |f А. П. Тяпухин 
203 |a Текст  |c электронный 
205 |a 2-е изд., перераб. и доп. 
210 |a Москва  |c Юрайт  |d 2013 
215 |a 1 Мультимедиа CD-ROM 
225 1 |a Электронные учебники издательства "Юрайт" 
225 1 |a Бакалавр. Базовый курс 
230 |a Мультимедиа ресурсы (10 директорий; 100 файлов; 740MB) 
300 |a Электронная копия печатного издания. 
320 |a Библиогр.: с. 558-560. 
333 |a Режим доступа: из корпоративной сети ТПУ 
337 |a Pentium 100 MHz, 16 Mb RAM, Windows 95/98/NT/2000, CDROM, SVGA, звуковая карта, Internet Explorer 5.0 и выше. 
606 1 |a Логистика  |x Логистические стратегии  |2 stltpush  |3 (RuTPU)RU\TPU\subj\36364  |9 57772 
610 1 |a логистический менеджмент 
610 1 |a логистическое обслуживание 
610 1 |a логистическое управление 
610 1 |a предприятия 
610 1 |a промышленная логистика 
610 1 |a распределение 
610 1 |a распределительная логистика 
610 1 |a цепи поставок 
610 1 |a ценности 
610 1 |a бизнес-процессы 
610 1 |a транспортная логистика 
610 1 |a складская логистика 
610 1 |a запасы 
610 1 |a финансовые потоки 
610 1 |a требования 
610 1 |a учебники 
610 1 |a CD-ROM 
686 |a У9(2)40я73  |v LBC/SL-A  |2 rubbk 
700 1 |a Тяпухин  |b А. П.  |g Алексей Петрович 
801 1 |a RU  |b 63413507  |c 20140423 
801 2 |a RU  |b 63413507  |c 20140507  |g RCR 
856 4 |u http://www.lib.tpu.ru/fulltext2/m/2014/FN/fn-11.pdf 
900 |a Логистика 
942 |c CF 
952 |b 080100  |b 080200  |l 8.1